[Event "Leverkusen Bayer op 9th"]
[Site "Leverkusen"]
[Date "2011.03.14"]
[Round "5"]
[White "Domnick, Michael"]
[Black "Kamphausen, Johannes Dieter"]
[Result "1/2-1/2"]
[WhiteElo "1659"]
[BlackElo "1791"]
[PlyCount "41"]
[EventDate "2011.01.10"]
[EventType "swiss"]
[EventRounds "7"]
[EventCountry "GER"]
[SourceTitle "EXT 2012"]
[Source "ChessBase"]
[SourceDate "2011.11.24"]
[SourceVersion "1"]
[SourceVersionDate "2011.11.24"]
[SourceQuality "1"]

1. d4 Nf6 2. c4 e6 3. Nc3 Bb4 4. Bg5 h6 5. Bh4 c5 6. a3 Bxc3+ 7. bxc3 Qa5 8. Qd3 cxd4 9. Bxf6 gxf6 10. Qxd4 Qe5 11. Nf3 Qxd4 12. cxd4 b6 13. g3 Bb7 14. Bg2 d6 15. 0-0 Nd7 16. Rac1 Ke7 17. Nd2 Bxg2 18. Kxg2 f5 19. a4 h5 20. e3 h4 21. gxh4 1/2-1/2

[Event "Leverkusen Bayer op 9th"]
[Site "Leverkusen"]
[Date "2011.02.07"]
[Round "3"]
[White "Domnick, Michael"]
[Black "Speck, Stefan"]
[Result "0-1"]
[WhiteElo "1659"]
[BlackElo "2055"]
[PlyCount "100"]
[EventDate "2011.01.10"]
[EventType "swiss"]
[EventRounds "7"]
[EventCountry "GER"]
[SourceTitle "EXT 2012"]
[Source "ChessBase"]
[SourceDate "2011.11.24"]
[SourceVersion "1"]
[SourceVersionDate "2011.11.24"]
[SourceQuality "1"]

1. e4 Nf6 2. e5 Nd5 3. d4 d6 4. c4 Nb6 5. f4 dxe5 6. fxe5 Bf5 7. Be3 Nc6 8. Nf3 e6 9. Nc3 Bg4 10. c5 Nd5 11. Bf2 Be7 12. Bb5 0-0 13. Bxc6 bxc6 14. Qa4 Rb8 15. Qxa7 Ra8 16. Qb7 Rb8 17. Qa6 Rxb2 18. Qa3 Rb8 19. Nxd5 cxd5 20. 0-0 Bf5 21. Qc3 Qc8 22. a3 Qa6 23. Rfc1 Rb7 24. Be1 Rfb8 25. Qe3 Rb3 26. Rc3 Qa4 27. Nd2 Rb2 28. h4 h6 29. Qf4 R8b4 30. Nf3 Rc4 31. Rac1 Rxc3 32. Bxc3 Ra2 33. Bb4 Qb5 34. Qe3 f6 35. Re1 Qc4 36. Rc1 Qb5 37. Rf1 Re2 38. Qc3 Be4 39. Rf2 Rxf2 40. Kxf2 Bxf3 41. Kxf3 fxe5 42. dxe5 Bxh4 43. Kg4 Bg5 44. c6 Qe2+ 45. Qf3 Qxe5 46. Qf8+ Kh7 47. Qf7 Qe4+ 48. Kg3 Bf6 49. Qh5 Be5+ 50. Kh3 Qf4 0-1

[Event "Leverkusen-ch op"]
[Site "Leverkusen"]
[Date "2010.02.22"]
[Round "3"]
[White "Lessing, Sebastian"]
[Black "Domnick, Michael"]
[Result "1/2-1/2"]
[WhiteElo "1567"]
[BlackElo "1681"]
[PlyCount "53"]
[EventDate "2010.01.18"]
[EventType "swiss"]
[EventRounds "7"]
[EventCountry "GER"]
[SourceTitle "EXT 2011"]
[Source "ChessBase"]
[SourceDate "2010.11.26"]
[SourceVersion "1"]
[SourceVersionDate "2010.11.26"]
[SourceQuality "1"]

1. e4 d5 2. exd5 Qxd5 3. Nc3 Qa5 4. d3 Nf6 5. Bd2 c6 6. Nf3 Bg4 7. Be2 Qc7 8. Nd4 Bxe2 9. Qxe2 e6 10. g3 Na6 11. Bf4 Bd6 12. Bxd6 Qxd6 13. Nb3 0-0-0 14. Qe3 Kb8 15. 0-0-0 h6 16. Nd2 Nd5 17. Nxd5 cxd5 18. Nb3 Rc8 19. Rd2 Rc6 20. a3 Rhc8 21. Re1 Rb6 22. Nd4 Nc5 23. b4 Na4 24. Qe5 Qxe5 25. Rxe5 Nc3 26. Kb2 a5 27. Kb3 1/2-1/2

[Event "Leverkusen-ch op"]
[Site "Leverkusen"]
[Date "2010.02.01"]
[Round "2"]
[White "Domnick, Michael"]
[Black "Hess, Christian1"]
[Result "0-1"]
[WhiteElo "1681"]
[BlackElo "2140"]
[PlyCount "58"]
[EventDate "2010.01.18"]
[EventType "swiss"]
[EventRounds "7"]
[EventCountry "GER"]
[SourceTitle "EXT 2011"]
[Source "ChessBase"]
[SourceDate "2010.11.26"]
[SourceVersion "1"]
[SourceVersionDate "2010.11.26"]
[SourceQuality "1"]

1. f4 b6 2. e4 Bb7 3. Nc3 c5 4. Bc4 a6 5. a4 e6 6. d3 d5 7. exd5 exd5 8. Qe2+ Be7 9. Ba2 Nf6 10. Bd2 0-0 11. 0-0-0 b5 12. Re1 Bd6 13. Nf3 bxa4 14. Ne5 a3 15. b3 Nc6 16. Rhg1 Nb4 17. Kb1 Re8 18. Qf2 Qc7 19. g4 d4 20. Na4 Nfd5 21. Nc4 Bc6 22. Nxd6 Qxd6 23. f5 Rab8 24. Rxe8+ Bxe8 25. Qg3 Qxg3 26. Rxg3 Bxa4 27. bxa4 Nxc2+ 28. Kxc2 Rb2+ 29. Kd1 Rxa2 0-1